O úlohe verejnoprospešných prác. THN hovorí s ministerkou práce a sociálnych vecí SP PhDr. Helenou Wolekovou.

Úlohy rezortu osobitne v oblasti sociálnej politiky. Problematika dotvorenia sociálnej siete. Zapojenie mladých ľudí do sociálnej činnosti. Otázky rekvalifikácie absolventov stredných a vysokých škôl, regulácie trhu práce, podporovania verejnoprospešných prác.

Guardado en:
Detalles Bibliográficos
Autor principal: Woleková, H.
Otros Autores: Klačanský, Ivan
Formato: Capítulo de libro
Lenguaje:eslovaco
Materias:
Etiquetas: Agregar Etiqueta
Sin Etiquetas, Sea el primero en etiquetar este registro!

MARC

LEADER 00000naa a2200000 4500
001 r002702
005 20221125080148.5
041 0 |a slo 
044 |a [CS] 
245 1 0 |a O úlohe verejnoprospešných prác.  |b THN hovorí s ministerkou práce a sociálnych vecí SP PhDr. Helenou Wolekovou.  |c H. Woleková, I. Klačanský 
520 |a Úlohy rezortu osobitne v oblasti sociálnej politiky. Problematika dotvorenia sociálnej siete. Zapojenie mladých ľudí do sociálnej činnosti. Otázky rekvalifikácie absolventov stredných a vysokých škôl, regulácie trhu práce, podporovania verejnoprospešných prác. 
610 2 0 |a politika sociálna 
610 2 0 |a trh práce 
610 2 0 |a rekvalifikácia 
610 2 0 |a ČSFR 
610 2 0 |a práce verejnoprospešné 
100 1 |a Woleková, H. 
700 1 |a Klačanský, Ivan